| Поле | Инд. | ПП | Название | Значение |
|---|---|---|---|---|
| Тип записи | a | |||
| Библиографический уровень | m | |||
| 001 | _ | Контрольный номер | RU/URAIT/477184 | |
| 005 | _ | Дата корректировки | 20250915104106.2 | |
| 008 | Кодируемые данные | 200609s2021 RU y f j 000 0 rus u | ||
| 020 | a | ISBN | 978-5-534-13682-1 | |
| c | Цена, тираж | 899.00 | ||
| 040 | a | Служба первич. каталог. | ИКО Юрайт | |
| c | Служба, преобразующая запись | ИКО Юрайт | ||
| e | Правила каталог. | RCR | ||
| 041 | a | Код языка текста | rus | |
| 044 | a | Код страны публикации | RU | |
| 080 | a | Индекс УДК | 378.245(075.8) | |
| 084 | 2 | Источник индекса | rubbk | |
| a | Индекс другой классификации/Индекс ББК | 72.5я73 | ||
| 100 | 1_ | a | Автор | Селетков Сергей Григорьевич |
| q | Полное имя | Сергей Григорьевич | ||
| 245 | a | Заглавие | Методология диссертационного исследования | |
| b | Продолж. заглавия | Учебник для вузов | ||
| c | Ответственность | Селетков С. Г. | ||
| 256 | a | Характеристики компьютерного файла | Электрон. дан. | |
| 260 | a | Место издания | Москва | |
| b | Издательство | Юрайт | ||
| c | Дата издания | 2021 | ||
| 300 | a | Объем | 281 с | |
| 440 | a | Серия | Высшее образование | |
| 500 | a | Примечание | URL: https://urait.ru/bcode/477184 (дата обращения: 23.11.2021). | |
| 520 | a | Аннотация | В учебнике представлены методология диссертационного исследования и дидактическая система обучения диссертантов с учетом особенностей производства нового научного знания в различных отраслях науки. Работа направлена на повышение методологической подготовленности магистров и аспирантов, кадров высшей квалификации, обеспечивающей получение ими знаний и умений для продуктивной научной деятельности. Соответствует актуальным требованиям Федерального государственного образовательного стандарта высшего образования. Книга рассчитана на широкую аудиторию обучающихся и исследователей, занимающихся научными исследованиями и пишущих диссертации: магистрантов, аспирантов, докторантов, соискателей ученой степени. Она полезна для ознакомления и практического использования руководителям и консультантам диссертантов, преподавателям университетов, преподающих основы и методологию научного (диссертационного) исследования, членам диссертационных советов. | |
| 538 | a | Прим. о системных особенностях | Режим доступа: Электронно-библиотечная система Юрайт, для авториз. пользователей | |
| 653 | a | Ключевые слова | Науковедение, история и философия науки | |
| 653 | a | Ключевые слова | Гуманитарные и общественные науки. | |
| 653 | a | Ключевые слова | Методология диссертационного исследования | |
| 856 | 40 | u | URL | https://urait.ru/bcode/477184 |
| x | Примечание для ЭОР | https://urait.ru/book/cover/EB1E9590-DC26-48C7-A55A-C0D272051379 | ||
| z | Примечание для пользователя | Участвует в КО | ||
| 856 | 41 | u | URL | https://urait.ru/book/cover/EB1E9590-DC26-48C7-A55A-C0D272051379 |